|
|
|
|
| LEADER |
00000nam a2200000 a 4500 |
| 001 |
UCX2257 |
| 003 |
CL-VaPUC |
| 008 |
910415e19900000SP |||||||||||||||||spa|d |
| 082 |
0 |
4 |
|a 475
|b SEG
|2 21
|
| 100 |
0 |
|
|a Segura Munguia, Santiago
|e author
|9 318139
|
| 245 |
1 |
0 |
|a Latin, 2
|
| 300 |
|
|
|a 360 p
|
| 942 |
|
|
|c BK
|
| 945 |
|
|
|d 19910415 00:00:00
|
| 260 |
|
|
|a Madrid
|b Anaya
|c 1990
|
| 650 |
|
7 |
|a LATIN ENSEÑANZA
|2 CL-VaPUC
|9 318140
|
| 650 |
|
0 |
|a Latín gramática
|9 316252
|
| 583 |
|
|
|a last modification
|c 19910415 00:00:00
|k Rodrigo Vera
|
| 999 |
|
|
|c 223319
|d 223317
|
| 952 |
|
|
|0 0
|1 0
|4 0
|6 475_000000000000000_SEG_1990
|7 0
|8 A
|9 218972
|a BIBEDU
|b BIBEDU
|d 2019-11-15
|i 287766K
|o 475 SEG 1990
|p 287766K
|r 2019-11-15
|w 2019-11-15
|y BK
|k LIT
|
| 952 |
|
|
|0 0
|1 0
|4 0
|6 475_000000000000000_SEG_1990
|7 0
|8 A
|9 218973
|a BIBEDU
|b BIBEDU
|d 2019-11-15
|i 2877694
|o 475 SEG 1990
|p 2877694
|r 2019-11-15
|w 2019-11-15
|y BK
|k LIT
|
| 952 |
|
|
|0 0
|1 0
|4 0
|6 475_000000000000000_SEG_1990
|7 0
|8 A
|9 218974
|a BIBEDU
|b BIBEDU
|d 2019-11-15
|i 2877708
|o 475 SEG 1990
|p 2877708
|r 2019-11-15
|w 2019-11-15
|y BK
|k LIT
|
| 952 |
|
|
|0 0
|1 0
|4 0
|6 475_000000000000000_SEG_1990
|7 0
|8 A
|9 218975
|a BIBEDU
|b BIBEDU
|d 2019-11-15
|i 2877716
|o 475 SEG 1990
|p 2877716
|r 2019-11-15
|w 2019-11-15
|y BK
|k LIT
|
| 952 |
|
|
|0 0
|1 0
|4 0
|6 475_000000000000000_SEG_1990
|7 0
|8 A
|9 218976
|a BIBEDU
|b BIBEDU
|d 2019-11-15
|i 2877724
|o 475 SEG 1990
|p 2877724
|r 2019-11-15
|w 2019-11-15
|y BK
|k LIT
|
| 952 |
|
|
|0 0
|1 0
|4 0
|6 475_000000000000000_SEG_1990
|7 0
|8 A
|9 218977
|a BIBEDU
|b BIBEDU
|d 2019-11-15
|i 2877732
|o 475 SEG 1990
|p 2877732
|r 2019-11-15
|w 2019-11-15
|y BK
|k LIT
|
| 952 |
|
|
|0 0
|1 0
|4 0
|6 475_000000000000000_SEG_1990
|7 0
|8 A
|9 218978
|a BIBEDU
|b BIBEDU
|d 2019-11-15
|i 2877740
|o 475 SEG 1990
|p 2877740
|r 2019-11-15
|w 2019-11-15
|y BK
|k LIT
|
| 952 |
|
|
|0 0
|1 0
|4 0
|6 475_000000000000000_SEG_1990
|7 0
|8 A
|9 218979
|a BIBEDU
|b BIBEDU
|d 2019-11-15
|i 2877759
|o 475 SEG 1990
|p 2877759
|r 2019-11-15
|w 2019-11-15
|y BK
|k LIT
|